R v Plymouth CC, J Sainsbury plc, Estates and Agency Holdings plc, Tesco Stores Ltd, Vospers Motor House (Plymouth) Ltd, ex p Plymouth and South Devon Co-operative Society Ltd (Record no. 42138)

MARC details
000 -LEADER
fixed length control field 01716cab a2200217 4500
001 - CONTROL NUMBER
control field X754
008 - FIXED-LENGTH DATA ELEMENTS--GENERAL INFORMATION
fixed length control field 090401t1993 xxu||||| |||| 00| 0 eng d
035 ## - SYSTEM CONTROL NUMBER
System control number (Sirsi) u67329
041 ## - LANGUAGE CODE
Language code of text/sound track or separate title eng
245 ## - TITLE STATEMENT
Title R v Plymouth CC, J Sainsbury plc, Estates and Agency Holdings plc, Tesco Stores Ltd, Vospers Motor House (Plymouth) Ltd, ex p Plymouth and South Devon Co-operative Society Ltd
260 ## - PUBLICATION, DISTRIBUTION, ETC.
Date of publication, distribution, etc. 1993
350 ## - PRICE (NR) (BK AM CF MU VM SE) [OBSOLETE]
Price 0
490 ## - SERIES STATEMENT
Series statement Journal of Planning and Environment Law
Volume/sequential designation 1993 JPL 538-565(27)
520 ## - SUMMARY, ETC.
Summary, etc. QBD 1 February 1993. Superstores - retail - developers` offers of community benefit - policy for community benefits in emerging local plan - three rival sites - judicial review - section 106 agreement - 1990 Act s70(2) - fairly and reasonably relate to development permitted - necessary to grant of planning permission - review of authorities on planning gain - Circular 16/91 Annex B - held that the true test of materiality is whether the conditions or obligations are imposed for a planning purpose and not an ulterior one, fairly and reasonably relate to the development permitted, and are not so unreasonable that no reasonable planning authority could have imposed them. The necessary nexus relates to the requirement, fairly and reasonably related. the benefits as offered passed the tests - each aspect of the test was satisfied. The benefits were given appropriate weight and were not the determining factors which led to the grant - the permissions were based on planning issues and on th
650 ## - SUBJECT ADDED ENTRY--TOPICAL TERM
Topical term or geographic name entry element COMMUNITY BENEFITS
650 ## - SUBJECT ADDED ENTRY--TOPICAL TERM
Topical term or geographic name entry element PLANNING GAIN
650 ## - SUBJECT ADDED ENTRY--TOPICAL TERM
Topical term or geographic name entry element TOWN AND COUNTRY PLANNING ACT 1990 S70
690 ## - LOCAL SUBJECT ADDED ENTRY--TOPICAL TERM (OCLC, RLIN)
Topical term or geographic name as entry element PLANNING LAW AND PRACTICE-CASE LAW
942 ## - ADDED ENTRY ELEMENTS (KOHA)
Suppress in OPAC 0
948 ## - LOCAL PROCESSING INFORMATION (OCLC); SERIES PART DESIGNATOR (RLIN)
c (OCLC) 04/03/1997
Holdings
Withdrawn status Lost status Source of classification or shelving scheme Damaged status Not for loan Home library Current library Shelving location Date acquired Total Checkouts Full call number Barcode Date last seen Copy number Price effective from Koha item type
    Dewey Decimal Classification     London London Journal article 14/09/1999   X754 67329-1001 06/08/2019 1 06/08/2019 Law report